Chain Words - Statistics

General Stats
  • This quiz has been taken 30 times
  • The average score is 7 of 17
Answer Stats
Hint Answer % Correct
First letter: JA very popular spread on bread Jam
100%
A woman who has given birth to a child Mother
96%
Someone who possesses much money Rich
96%
2nd person You
65%
A Star Wars character Yoda
54%
Sloth Lazy
50%
A nice greeting Hey
46%
A crazy place Asylum
42%
A dude Guy
42%
British word for crazy Mental
27%
A food Yam
23%
You are new to something, so you are an ____ Amateur
12%
A process of which many fear Dying
12%
Marsupial Koala
12%
Disgusting Yuck
12%
Bride and Groom Matrimony
4%
Too skinny Underfed
4%
No matching quizzes found
Score Distribution
Percent of People with Each Score
Percentile by Number Answered
Your Score History
You have not taken this quiz